Ховд аймгийн жаргалант сумын айл өрхүүдийн гэртээ эм хадгалах дадал, түүнтэй холбоотой хүчин зүйлсийн судалгаа = A household survey of medicine storage practices and associated factors in Jargalant soum, Khovd province: (Record no. 36600)
[ view plain ]
| 000 -LEADER | |
|---|---|
| fixed length control field | 02383nam a22003497a 4500 |
| 003 - CONTROL NUMBER IDENTIFIER | |
| control field | OSt |
| 005 - DATE AND TIME OF LATEST TRANSACTION | |
| control field | 20260416103116.0 |
| 008 - FIXED-LENGTH DATA ELEMENTS--GENERAL INFORMATION | |
| fixed length control field | 260212b mp ||||| |||| 00| 0 mon d |
| 040 ## - CATALOGING SOURCE | |
| Original cataloging agency | MN_MNUMS |
| Language of cataloging | mon |
| Description conventions | rda |
| Transcribing agency | MN_MNUMS |
| Modifying agency | MN_MNUMS |
| 043 ## - GEOGRAPHIC AREA CODE | |
| Geographic area code | MON |
| 072 ## - SUBJECT CATEGORY CODE | |
| Subject category code | E09120107 |
| 082 ## - DEWEY DECIMAL CLASSIFICATION NUMBER | |
| Edition number | 21 |
| Classification number | 615.1 |
| Item number | А 751 |
| 100 0# - MAIN ENTRY--PERSONAL NAME | |
| Personal name | Ариунзаяа, Дашдоржийн |
| Relator term | судлаач |
| 9 (RLIN) | 66570 |
| 245 10 - TITLE STATEMENT | |
| Title | Ховд аймгийн жаргалант сумын айл өрхүүдийн гэртээ эм хадгалах дадал, түүнтэй холбоотой хүчин зүйлсийн судалгаа = A household survey of medicine storage practices and associated factors in Jargalant soum, Khovd province: |
| Remainder of title | Магистрын зэрэг горилсон судалгааны ажлын төсөл: E09120107 - Эмнэлзүйн Анагаах Ухаан |
| Statement of responsibility, etc. | /Судлаач: Дашдоржийн Ариунзаяа; Судалгааны төслийн удирдагч: Анагаах ухааны доктор, профессор П. Цэдэн; Судалгааны төслийн албан ёсны шүүмжлэгч: Анагаах ухааны доктор, дэд профессор С. Мөнхбат. <br/> |
| 264 #1 - PRODUCTION, PUBLICATION, DISTRIBUTION, MANUFACTURE, AND COPYRIGHT NOTICE | |
| Place of production, publication, distribution, manufacture | Улаанбаатар: |
| Name of producer, publisher, distributor, manufacturer | [Хэвлэлийн газар тодорхойгүй] |
| Date of production, publication, distribution, manufacture, or copyright notice | c2022. |
| 300 ## - PHYSICAL DESCRIPTION | |
| Extent | 35 хуудастай: |
| Other physical details | зурагтай, хүснэгттэй |
| Dimensions | c 30 см |
| 336 ## - CONTENT TYPE | |
| Source | rdacontent |
| Content type term | text |
| Content type code | txt |
| 502 ## - DISSERTATION NOTE | |
| Dissertation note | Диссертаци |
| Degree type | Магистр |
| Name of granting institution | Анагаахын Шинжлэх Ухааны Үндэсний Их Сургууль |
| Year degree granted | 2022 |
| 504 ## - BIBLIOGRAPHY, ETC. NOTE | |
| Bibliography, etc. note | Ном зүйтэй (Хуудас 19-20) |
| 546 ## - LANGUAGE NOTE | |
| Хэл | Монгол |
| Information code or alphabet | (Кирилл) |
| 650 #4 - SUBJECT ADDED ENTRY--TOPICAL TERM | |
| 9 (RLIN) | 66572 |
| Topical term or geographic name entry element | айл өрх |
| 9 (RLIN) | 66573 |
| Topical term or geographic name entry element | эм хадгалах |
| 9 (RLIN) | 66574 |
| Topical term or geographic name entry element | өөрийгөө эмчлэх |
| Topical term or geographic name entry element | ховд аймаг |
| 9 (RLIN) | 68928 |
| Topical term or geographic name entry element | эм зүй |
| 9 (RLIN) | 27969 |
| 700 0# - ADDED ENTRY--PERSONAL NAME | |
| Personal name | Цэдэн, П. |
| Relator term | удирдагч |
| 9 (RLIN) | 65984 |
| Personal name | Мөнхбат, С. |
| Relator term | шүүмжлэгч |
| 9 (RLIN) | 67572 |
| 710 ## - ADDED ENTRY--CORPORATE NAME | |
| Corporate name or jurisdiction name as entry element | Анагаахын Шинжлэх Ухааны Үндэсний Их Сургууль |
| Relator term | Эрхэлсэн байгууллага |
| 9 (RLIN) | 35462 |
| 856 ## - Цахимаар унших | |
| Public note | ЦАХИМ ХУВИЛБАР УНШИХ |
| Цахимаар унших | <a href="https://forms.gle/q2CuJQyksPAptoA59">https://forms.gle/q2CuJQyksPAptoA59</a> |
| Public note | ТОВЧ ХУРААНГУЙ ҮЗЭХ |
| Цахимаар унших | <a href="https://online.fliphtml5.com/lluzx/nhal/">https://online.fliphtml5.com/lluzx/nhal/</a> |
| 942 ## - ADDED ENTRY ELEMENTS (KOHA) | |
| Source of classification or shelving scheme | Dewey Decimal Classification |
| Koha item type | Судалгааны төсөл |
No items available.